Statistics for Top XIs: Czechoslovakia / Czechia (1976-2023)

Click here to take the quiz!

General Stats

  • This quiz has been taken 69 times
  • The average score is 105 of 500

Answer Stats

HintPositionAnswer% Correct
2010MFTomáš Rosický
82%
2011MFTomáš Rosický
82%
2016MFTomáš Rosický
82%
2014MFTomáš Rosický
82%
2013MFTomáš Rosický
82%
2012MFTomáš Rosický
82%
2011 EURO QMFTomáš Rosický
82%
2007MFTomáš Rosický
82%
2000MFTomáš Rosický
82%
2006MFTomáš Rosický
82%
2001MFTomáš Rosický
82%
2002MFTomáš Rosický
82%
2003MFTomáš Rosický
82%
2004MFTomáš Rosický
82%
2005MFTomáš Rosický
82%
2021STPatrik Schick
79%
2018STPatrik Schick
79%
2019STPatrik Schick
79%
2021 EUROSTPatrik Schick
79%
2023STPatrik Schick
79%
2022STPatrik Schick
79%
1997MFPavel Nedvěd
79%
2001MFPavel Nedvěd
79%
1996MFPavel Nedvěd
79%
2004MFPavel Nedvěd
79%
2006MFPavel Nedvěd
79%
1999MFPavel Nedvěd
79%
2002MFPavel Nedvěd
79%
2003MFPavel Nedvěd
79%
2000MFPavel Nedvěd
79%
2009STMilan Baroš
69%
2007STMilan Baroš
69%
2012STMilan Baroš
69%
2001STMilan Baroš
69%
2004STMilan Baroš
69%
2011STMilan Baroš
69%
2005STMilan Baroš
69%
2007STJan Koller
62%
2002STJan Koller
62%
2004STJan Koller
62%
2001STJan Koller
62%
2000STJan Koller
62%
1999STJan Koller
62%
2008STJan Koller
62%
2003STJan Koller
62%
2018MFTomáš Souček
62%
2023MFTomáš Souček
62%
2020 LNMFTomáš Souček
62%
2022MFTomáš Souček
62%
2021 EUROMFTomáš Souček
62%
2017MFTomáš Souček
62%
2021MFTomáš Souček
62%
2019MFTomáš Souček
62%
1976MFAntonin Panenka
51%
1979MFAntonin Panenka
51%
1980MFAntonín Panenka
51%
1977MFAntonin Panenka
51%
1981MFAntonín Panenka
51%
2020 LNDFVladimír Coufal
46%
2023DFVladimír Coufal
46%
2022DFVladimír Coufal
46%
2021DFVladimír Coufal
46%
2021 EURODFVladimír Coufal
46%
1985MFJan Berger
41%
1981MFJan Berger
41%
1982MFJan Berger
41%
1984MFJan Berger
41%
2005MFKarel Poborský
41%
1999MFKarel Poborský
41%
2000MFKarel Poborský
41%
2006MFKarel Poborský
41%
2001MFKarel Poborský
41%
2002MFKarel Poborský
41%
1998MFKarel Poborský
41%
1996MFKarel Poborský
41%
2004MFKarel Poborský
41%
2003MFKarel Poborský
41%
2006DFTomáš Ujfaluši
41%
2008DFTomáš Ujfaluši
41%
2002DFTomáš Ujfaluši
41%
2003DFTomáš Ujfaluši
41%
2004DFTomáš Ujfaluši
41%
2007DFTomáš Ujfaluši
41%
2005DFTomáš Ujfaluši
41%
2003MFVladimír Šmicer
41%
1998STVladimír Šmicer
41%
2005MFVladimír Šmicer
41%
1999STVladimír Šmicer
41%
2000STVladimír Šmicer
41%
1997STVladimír Šmicer
41%
2002MFVladimír Šmicer
41%
2009DFMarek Jankulovski
36%
2007DFMarek Jankulovski
36%
2005DFMarek Jankulovski
36%
2003DFMarek Jankulovski
36%
2008DFMarek Jankulovski
36%
2004DFMarek Jankulovski
36%
2006DFMarek Jankulovski
36%
1988DFMiroslav Kadlec
36%
1990DFMiroslav Kadlec
36%
1989DFMiroslav Kadlec
36%
1996DFMiroslav Kadlec
36%
1995DFMiroslav Kadlec
36%
1993DFMiroslav Kadlec
36%
2022MFAdam Hložek
31%
2021MFAdam Hložek
31%
2023MFAdam Hložek
31%
2011MFJaroslav Plašil
31%
2011 EURO QMFJaroslav Plašil
31%
2013MFJaroslav Plašil
31%
2006MFJaroslav Plašil
31%
2015MFJaroslav Plašil
31%
2010MFJaroslav Plašil
31%
2008MFJaroslav Plašil
31%
2016MFJaroslav Plašil
31%
2009MFJaroslav Plašil
31%
2012MFJaroslav Plašil
31%
2008DFZdeněk Grygera
31%
2002DFZdeněk Grygera
31%
2003DFZdeněk Grygera
31%
2009DFZdeněk Grygera
31%
2001DFZdeněk Grygera
31%
2004DFZdeněk Grygera
31%
2006DFZdeněk Grygera
31%
2005DFZdeněk Grygera
31%
2019MFAlex Kral
26%
2020 LNMFAlex Kral
26%
2011 EURO QDFT. Gebre Selassie
26%
2012DFT. Gebre Selassie
26%
2017DFT. Gebre Selassie
26%
2018DFT. Gebre Selassie
26%
2013DFT. Gebre Selassie
26%
1993STPavel Kuka
23%
1991STPavel Kuka
23%
1997STPavel Kuka
23%
1995STPavel Kuka
23%
1992STPavel Kuka
23%
1994STPavel Kuka
23%
1996STPavel Kuka
23%
2015MFVladimír Darida
23%
2014MFVladimír Darida
23%
2016MFVladimír Darida
23%
2021 EUROMFVladimír Darida
23%
2019MFVladimír Darida
23%
2020 LNMFVladimír Darida
23%
2017MFVladimír Darida
23%
2019MFJakub Jankto
21%
2018MFJakub Jankto
21%
2020 LNMFJakub Jankto
21%
2017MFJakub Jankto
21%
2021 EUROMFJakub Jankto
21%
2021MFJakub Jankto
21%
2016DFPavel Kadeřábek
21%
2014DFPavel Kadeřábek
21%
2019DFPavel Kadeřábek
21%
2015DFPavel Kadeřábek
21%
2004MFTomáš Galásek
21%
2007MFTomáš Galásek
21%
2002MFTomáš Galásek
21%
2006MFTomáš Galásek
21%
2008MFTomáš Galásek
21%
2003MFTomáš Galásek
21%
2005MFTomáš Galásek
21%
2020 LNDFTomáš Kalas
21%
2021DFTomáš Kalas
21%
2017DFTomáš Kalas
21%
2021 EURODFTomáš Kalas
21%
1999DFTomáš Řepka
21%
2000DFTomáš Řepka
21%
1998DFTomáš Řepka
21%
1995DFTomáš Řepka
21%
2021MFAntonin Barak
18%
2017MFAntonín Barák
18%
2023MFAntonin Barak
18%
2022MFAntonin Barak
18%
2008DFDavid Rozehnal
18%
2006DFDavid Rozehnal
18%
2005DFDavid Rozehnal
18%
2009DFDavid Rozehnal
18%
2007DFDavid Rozehnal
18%
2009STTomáš Necid
18%
2015STTomáš Necid
18%
2016STTomáš Necid
18%
2010STTomáš Necid
18%
1998STVratislav Lokvenc
18%
2006STVratislav Lokvenc
18%
2008MFDavid Jarolim
15%
2009MFDavid Jarolim
15%
1984MFKarel Jarolím
15%
2021 EUROMFLukas Masopust
15%
2020 LNMFLukas Masopust
15%
2019MFLukas Masopust
15%
1999MFPatrik Berger
15%
1998MFPatrik Berger
15%
1996MFPatrik Berger
15%
1995MFPatrik Berger
15%
1998MFRadek Bejbl
15%
1997MFRadek Bejbl
15%
1996MFRadek Bejbl
15%
2000MFRadek Bejbl
15%
2011 EURO QSTTomáš Pekhart
15%
2011 EURO QDFTomáš Sivok
15%
2016DFTomáš Sivok
15%
2011DFTomáš Sivok
15%
2012DFTomáš Sivok
15%
2013DFTomáš Sivok
15%
1992STTomáš Skuhravý
15%
1989STTomáš Skuhravý
15%
1990STTomáš Skuhravý
15%
1987STTomáš Skuhravý
15%
2011 EURO QDFDaniel Pudil
13%
2010DFDaniel Pudil
13%
2014STDavid Lafata
13%
2013STDavid Lafata
13%
2015STDavid Lafata
13%
2016DFDavid Limberský
13%
2013DFDavid Limberský
13%
2014DFDavid Limberský
13%
2015DFDavid Limberský
13%
2012DFDavid Limberský
13%
2017DFFilip Novák
13%
2018DFFilip Novák
13%
2007MFJan Polák
13%
2009MFJan Polák
13%
2008MFJan Polák
13%
2010MFJan Polák
13%
1996DFJan Suchopárek
13%
1995DFJan Suchopárek
13%
1994DFJan Suchopárek
13%
1993DFJan Suchopárek
13%
1999DFJan Suchopárek
13%
1997DFJan Suchopárek
13%
1998DFJan Suchopárek
13%
1992DFJan Suchopárek
13%
1977MFJaroslav Pollák
13%
1987DFJosef Novák
13%
1990MFJozef Chovanec
13%
1985DFJozef Chovanec
13%
1987MFJozef Chovanec
13%
1988MFJozef Chovanec
13%
1989MFJozef Chovanec
13%
1986MFJozef Chovanec
13%
1999DFKarel Rada
13%
1997DFKarel Rada
13%
2000DFKarel Rada
13%
1992DFLuboš Kubík
13%
1986MFLuboš Kubík
13%
1987DFLuboš Kubík
13%
1990MFLuboš Kubík
13%
1991DFLuboš Kubík
13%
1994DFLuboš Kubík
13%
2005STMarek Heinz
13%
2015DFMarek Suchý
13%
2019DFMarek Suchý
13%
2017DFMarek Suchý
13%
1980MFMarián Masný
13%
1976STMarián Masný
13%
1978STMarián Masný
13%
1979STMarián Masný
13%
1977STMarián Masný
13%
2020 LNSTMatej Vydra
13%
2018STMatej Vydra
13%
1996DFMichal Horňák
13%
1997DFMichal Horňák
13%
2019DFOndřej Čelůstka
13%
2020 LNDFOndřej Čelůstka
13%
2021DFOndřej Čelůstka
13%
2018DFOndřej Čelůstka
13%
2021 EURODFOndřej Čelůstka
13%
1983MFPetr Rada
13%
1993MFRadoslav Látal
13%
1996MFRadoslav Látal
13%
1997MFRadoslav Látal
13%
1994MFRadoslav Látal
13%
2022DFJakub Brabec
10%
2018DFJakub Brabec
10%
2023DFJakub Brabec
10%
2021DFJan Bořil
10%
2019DFJan Bořil
10%
2020 LNDFJan Bořil
10%
2021 EURODFJan Bořil
10%
1980MFJán Kozák
10%
1978MFJán Kozák
10%
1979MFJán Kozák
10%
1981MFJán Kozák
10%
1999MFJiří Němec
10%
1998MFJiří Němec
10%
1997MFJiří Němec
10%
1996MFJiří Němec
10%
1995MFJiří Němec
10%
1992MFJiří Němec
10%
1994MFJiří Němec
10%
1991MFJiří Němec
10%
2000MFJiří Němec
10%
1994DFJiří Novotný
10%
2001DFJiří Novotný
10%
1993DFJiří Novotný
10%
1977MFJozef Móder
10%
1976MFJozef Móder
10%
1976DFKarol Dobiaš
10%
1977DFKarol Dobiaš
10%
1976DFKoloman Gögh
10%
1977DFKoloman Gögh
10%
1978DFKoloman Gögh
10%
1979DFKoloman Gögh
10%
1980DFKoloman Gögh
10%
1992MFL'ubomír Moravčík
10%
1993MFL'ubomír Moravčík
10%
1989MFL'ubomír Moravčík
10%
1990MFL'ubomír Moravčík
10%
1991MFL'ubomír Moravčík
10%
2010STMartin Fenin
10%
1990MFMíchal Bilek
10%
1988MFMíchal Bilek
10%
1989MFMíchal Bilek
10%
2012MFPetr Jiráček
10%
2013MFPetr Jiráček
10%
2011 EURO QMFPetr Jiráček
10%
2016DFRoman Hubník
10%
2009DFRoman Hubník
10%
2010DFRoman Hubník
10%
2011DFRoman Hubník
10%
2012MFVáclav Pilař
10%
2011 EURO QMFVáclav Pilař
10%
1979STZdeněk Nehoda
10%
1981STZdeněk Nehoda
10%
1976STZdeněk Nehoda
10%
1978STZdeněk Nehoda
10%
1980STZdeněk Nehoda
10%
1982STZdeněk Nehoda
10%
1977STZdeněk Nehoda
10%
1979DFAnton Ondruš
8%
1980DFAnton Ondruš
8%
1978DFAnton Ondruš
8%
1976DFAnton Ondruš
8%
2011MFDaniel Kolář
8%
2018MFDavid Pavelka
8%
2015MFDavid Pavelka
8%
1987DFFrantišek Straka
8%
1990DFFrantišek Straka
8%
1986DFFrantišek Straka
8%
1989DFFrantišek Straka
8%
1985DFFrantišek Straka
8%
1994STHorst Siegl
8%
1977DFJán Pivarník
8%
1976DFJán Pivarník
8%
2023MFJaroslav Zeleny
8%
2022MFJaroslav Zeleny
8%
1982DFLadislav Jurkemik
8%
1983DFLadislav Jurkemik
8%
1980DFLadislav Jurkemik
8%
1981DFLadislav Jurkemik
8%
2014MFLadislav Krejčí
8%
2017MFLadislav Krejčí
8%
2016MFLadislav Krejčí
8%
1994MFMartin Frýdek
8%
1995MFMartin Frýdek
8%
2000DFMilan Fukal
8%
1995STRadek Drulák
8%
2004DFRené Bolf
8%
2003DFRené Bolf
8%
2002DFRené Bolf
8%
2021MFTomáš Holeš
8%
2021 EUROMFTomáš Holeš
8%
2013MFTomáš Hübschman
8%
2012MFTomáš Hübschman
8%
2009MFTomáš Hübschman
8%
2010MFTomáš Hübschman
8%
2011MFTomáš Hübschman
8%
1991MFVáclav Němeček
8%
1988MFVáclav Němeček
8%
1992MFVáclav Němeček
8%
1993MFVáclav Němeček
8%
1994MFVáclav Němeček
8%
1989MFVáclav Němeček
8%
1995MFVáclav Němeček
8%
1988MFVladimír Weiss
8%
1991STAlois Grussmann
5%
1994MFDaniel Šmejkal
5%
2022DFDavid Zima
5%
2023DFDavid Zima
5%
1984DFFrantišek Jakubec
5%
1981DFFrantišek Jakubec
5%
1983DFFrantišek Jakubec
5%
1985MFIvan Hašek
5%
1986MFIvan Hašek
5%
1987MFIvan Hašek
5%
1989MFIvan Hašek
5%
1988MFIvan Hašek
5%
1990MFIvan Hašek
5%
1987STIvo Knoflíček
5%
1986STIvo Knoflíček
5%
1984STIvo Knoflíček
5%
1990STIvo Knoflíček
5%
1990DFJán Kocian
5%
1991DFJán Kocian
5%
1989DFJán Kocian
5%
1976MFJán Švehlík
5%
1984DFJiří Ondra
5%
1985DFJiří Ondra
5%
1988DFJúlius Bielik
5%
1992MFKarel Kula
5%
1986MFKarel Kula
5%
1991MFKarel Kula
5%
1985MFKarel Kula
5%
1987MFKarel Kula
5%
1981STLadislav Vízek
5%
1983STLadislav Vízek
5%
1980STLadislav Vízek
5%
1982STLadislav Vízek
5%
1985STLadislav Vízek
5%
1982DFLibor Radimec
5%
1981DFLibor Radimec
5%
2008MFLibor Sionko
5%
2007MFLibor Sionko
5%
1988DFLubomír Vlk
5%
2014MFLukáš Vácha
5%
2014DFMichal Kadlec
5%
2010DFMichal Kadlec
5%
2011DFMichal Kadlec
5%
2013DFMichal Kadlec
5%
2011 EURO QDFMichal Kadlec
5%
2012DFMichal Kadlec
5%
1986STMilan Luhový
5%
1988STMilan Luhový
5%
1992DFMiloš Glonek
5%
1977MFMiroslav Gajdůšek
5%
1979MFMiroslav Gajdůšek
5%
1984MFPavel Chaloupka
5%
1985MFPavel Chaloupka
5%
1983MFPavel Chaloupka
5%
1992MFPavel Hapal
5%
1995MFPavel Hapal
5%
1991MFPavel Hapal
5%
1993MFPavel Hapal
5%
1993STPeter Dubovský
5%
1983MFPeter Zelenský
5%
1984MFPeter Zelenský
5%
1993MFPetr Vrabec
5%
1983MFPřemysl Bičovský
5%
1981MFPřemysl Bičovský
5%
1982MFPřemysl Bičovský
5%
1982MFRostislav Vojáček
5%
1980MFRostislav Vojáček
5%
1978DFRostislav Vojáček
5%
1979DFRostislav Vojáček
5%
1986STStanislav Griga
5%
1989STStanislav Griga
5%
1988STStanislav Griga
5%
1985STStanislav Griga
5%
1984STStanislav Griga
5%
1986DFStanislav Levý
5%
1998DFTomáš Votava
5%
2001DFTomáš Votava
5%
2023DFVaclav Jemelka
5%
2022DFVaclav Jemelka
5%
2018MFBořek Dočkal
3%
2015MFBořek Dočkal
3%
2016MFBořek Dočkal
3%
2014MFBořek Dočkal
3%
1991DFDušan Tittel
3%
1979MFFrantiš. Štambachr
3%
1978MFFrantiš. Štambachr
3%
1987DFJan Fiala
3%
1986DFJan Fiala
3%
1985DFJan Fiala
3%
1984DFJan Fiala
3%
1982DFJan Fiala
3%
1983DFJan Fiala
3%
1978DFJozef Barmoš
3%
1980DFJozef Barmoš
3%
1981DFJozef Barmoš
3%
1979DFJozef Barmoš
3%
1982DFJozef Barmoš
3%
1976MFJozef Čapkovič
3%
1977DFKarel Dvořák
3%
1978STKarel Kroupa
3%
1998MFMartin Čížek
3%
1982STPetr Janečka
3%
1987STPetr Janečka
3%
1983STPetr Janečka
3%
1983DFZdeněk Prokeš
3%
1984DFZdeněk Prokeš
3%
1997MFZdenek Svoboda
3%
2011 EURO QMFJan Rezek
0%
2011STJan Rezek
0%
1978MFKarel Jarůšek
0%
2013STLibor Kozák
0%
1999MFMartin Hašek
0%
2017STMichal Krmenčík
0%
2022MFMichal Sadilek
0%
2023MFMichal Sadilek
0%
2002DFPetr Johana
0%
2001DFPetr Johana
0%
2001MFRoman Týce
0%
2014DFVáclav Procházka
0%
2015DFVáclav Procházka
0%
2007DFZdeněk Pospěch
0%
2010DFZdeněk Pospěch
0%
2011DFZdeněk Pospěch
0%

Score Distribution

Percentile by Number Answered

Percent of People with Each Score

Your Score History

You have not taken this quiz